| 000 | 01100nam a22002417a 4500 | ||
|---|---|---|---|
| 005 | 20110329165129.0 | ||
| 008 | 110329t xxu||||| |||| 00| 0 mar d | ||
| 010 | _aMAR-20764 | ||
| 020 | _c70.00 | ||
| 035 | _aMR-13422 | ||
| 037 | _bDBAD / PUB | ||
| 040 |
_aDPL _bMR |
||
| 082 | _a891.461 | ||
| 100 |
_926818 _aचिंगरे,चंद्रशेखर |
||
| 245 |
_aचंद्रसुधा / _cचंद्रशेखर चिंगरे |
||
| 246 |
_aChandersudha _bby Chadeshekhar Chingre |
||
| 260 |
_bनीहारा प्रकाशन _c2010 _aपुणे |
||
| 270 |
_a985, सदाशिव पेठ,3 भूपती कॉम्प्लेक्स ज्ञानप्रबोधिनीजवळ, _bपुणे _e411030 |
||
| 300 |
_a80पृ _c21सेमी (अजिल्द) |
||
| 700 | _927516 | ||
| 942 |
_2ddc _cMR _mचिंगरे _h891.461 |
||
| 999 |
_c51983 _d51983 |
||